| 000 | 00530nam a2200169Ia 4500 | ||
|---|---|---|---|
| 008 | 090711s9999 xx 000 0 und d | ||
| 082 | _b43437 | ||
| 100 | _aमाण्डवकर भाऊ | ||
| 245 | _aसंत नामदेव दर्शन | ||
| 260 | _c1979 | ||
| 300 | _a147 | ||
| 600 | _aमाण्डवकर भाऊ | ||
| 630 | _aसंत नामदेव दर्शन | ||
| 700 | _aमाण्डवकर भाऊ | ||
| 730 | _aसंत नामदेव दर्शन | ||
| 942 | _cBOOK | ||
| 999 |
_c313657 _d313657 |
||